Discourse analytic research : (Record no. 27582)

MARC details
000 -LEADER
fixed length control field 01271cam a22003015i 4500
001 - CONTROL NUMBER
control field 018881108
003 - CONTROL NUMBER IDENTIFIER
control field EG-ScBUE
005 - DATE AND TIME OF LATEST TRANSACTION
control field 20190905142231.0
008 - FIXED-LENGTH DATA ELEMENTS--GENERAL INFORMATION
fixed length control field 180521s2017 enk f b 001 0 eng d
020 ## - INTERNATIONAL STANDARD BOOK NUMBER
International Standard Book Number 9781138224193 (pbk.)
040 ## - CATALOGING SOURCE
Original cataloging agency StDuBDS
Language of cataloging eng
Description conventions rda
Transcribing agency StDuBDS
Modifying agency EG-ScBUE
082 04 - DEWEY DECIMAL CLASSIFICATION NUMBER
Classification number 401.41
Item number DIS
Edition number 22
245 00 - TITLE STATEMENT
Title Discourse analytic research :
Remainder of title repertoires and readings of texts in action /
Statement of responsibility, etc edited by Erica Burman, Ian Parker.
264 #1 - PUBLICATION, DISTRIBUTION, ETC. (IMPRINT)
Place of publication, distribution, etc Abingdon ;
-- New York :
Name of publisher, distributor, etc Routledge / Taylor & Francis,
Date of publication, distribution, etc 2018.
300 ## - PHYSICAL DESCRIPTION
Extent vi, 179 pages ;
Dimensions 24 cm.
336 ## - CONTENT TYPE
Content type term text
Content type code txt
Source rdacontent
337 ## - MEDIA TYPE
Media type term unmediated
Media type code n
Source rdamedia
338 ## - CARRIER TYPE
Carrier type term volume
Carrier type code nc
Source rdacarrier
490 0# - SERIES STATEMENT
Series statement Routledge library editions.
-- Discourse analysis ;
Volume number/sequential designation volume 1
500 ## - GENERAL NOTE
General note Originally published : 1993.
520 ## - SUMMARY, ETC.
Summary, etc Meets the growing need among undergraduate and postgraduate psychology students for clear illustrations of discourse analytic work and provides an empirically demonstrable critique of traditional psychological approaches.<br/>
650 #7 - SUBJECT ADDED ENTRY--TOPICAL TERM
Topical term or geographic name as entry element Discourse analysis
General subdivision Psychological aspects.
Source of heading or term BUEsh
653 ## - INDEX TERM--UNCONTROLLED
Resource For college Humanities: English
Arrived date list September2019
655 ## - INDEX TERM--GENRE/FORM
Form subdivision Reading book
700 1# - ADDED ENTRY--PERSONAL NAME
Personal name Burman, Erica,
Relator term editor.
700 1# - ADDED ENTRY--PERSONAL NAME
Personal name Parker, Ian,
Dates associated with a name 1956-
Relator term editor.
942 ## - ADDED ENTRY ELEMENTS (KOHA)
Source of classification or shelving scheme Dewey Decimal Classification
Koha item type NB - Book (Non borrowing)
Holdings
Withdrawn status Lost status Source of classification or shelving scheme Damaged status Not for loan Collection code Home library Current library Shelving location Date acquired Source of acquisition Cost, normal purchase price Total Checkouts Full call number Barcode Date last seen Cost, replacement price Price effective from Koha item type
    Dewey Decimal Classification     Baccah Central Library Central Library Second Floor 05/09/2019 Purchase 924.00   401.41 DIS 000048018 15/07/2025 1155.00 05/09/2019 Book - Borrowing